Normale Ansicht MARC-Ansicht ISBD

Nation und Religion in der deutschen Geschichte / (Titelsatznr. 13500)

[ MARC ]
MARC-Details
000 -Satzkennung
Kontrollfeld mit fester Länge 00550nam a22001811c 4500
001 - Kontrollnummer
Kontrollfeld 334150868
008 - Feld mit fester Länge zur physischen Beschreibung - Allgemeine Angaben
Kontrollfeld mit fester Länge 071109s2001 gw |||| 000u ger d
020 ## - Internationale Standardbuchnummer
Internationale Standardbuchnummer 3593368455
Verknüpfung 3-593-36845-5
041 ## - Sprachcode
Sprachcode des Textes/der Tonspur oder des separaten Titels ger
040 ## - Katalogisierungsquelle
Übertragungsstelle RU-10907106
003 - Kontrollnummer Identifier
Kontrollfeld RU-10907106
100 1# - Haupteintragung - Personenname
Personenname Haupt, Heinz-Gerhard
245 00 - Titel
Titel Nation und Religion in der deutschen Geschichte /
Verfasserangabe etc. Heinz-Gerhard Haupt, Dieter Langewiesche (Hg.)
264 ## - Produktion, Veröffentlichung, Distribution, Herstellung und Urheberrechtsvermerk
Herstellungs-, Veröffentlichungs- Vertriebs-, Erzeugungsort Frankfurt/Main [u.a.] :
Produzent, Herausgeber, Distributor, Hersteller Campus,
Datum der Herstellung, der Veröffentlichung, des Vertriebs oder des Urheberschutzvermerks 2001
300 ## - Physische Beschreibung
Umfang 655 S. ; 21 cm
700 1# - Nebeneintragung - Personenname
Personenname Langewiesche, Dieter
Funktionsbezeichnung VerfasserIn
942 ## - Zusätzliche Felder (Koha)
Koha-Medientyp Monographien
Exemplare
Ausgeschieden Verloren Klassifikation oder Aufstellungssystematik Beschädigt Nicht entleihbar Heimatbibliothek Aufenthaltsbibliothek Aufstellungsort Erwerbungsdatum Inventarnummer Signatur Barcode Letzte Aktivität Preis gültig von Koha-Medientyp
    Andere/Generische Klassifikation     MWN Osteuropa MWN Osteuropa Lesesaal - 1 09/11/2007 08-00467 D 40 l Hau E0040150790E85E4 22/02/2021 22/03/2021 Monographien